Buat duit dengan freelance blogging : rahsia penulis jutawan era baru

Bibliographic Details
Main Author: Aqif Azizan (Author)
Format: Book
Language:Malay
Published: Petaling Jaya : True Wealth Publishing 2013
Subjects:

MARC

LEADER 00000cam a2200000 7i4500
001 0000027681
005 20241119.0
008 171122 my a may
020 |a 9789674160081 
040 |a INS   |b eng   |e rda 
090 0 0 |a HF5415.1265   |b A67 2013 
100 0 |a Aqif Azizan ,   |e author 
245 1 0 |a Buat duit dengan freelance blogging :   |b rahsia penulis jutawan era baru   |c Aqif Azizan 
264 1 |a Petaling Jaya :   |b True Wealth Publishing   |c 2013 
300 |a 179 pages :   |b illustrations ;   |c 21 cm. 
336 |a text  |2 rdacontent 
337 |a unmediated  |2 rdamedia 
338 |a volume  |2 rdacarrier 
650 0 |a Business   |x Computer network resources 
650 0 |a Electronic commerce 
650 0 |a Internet marketing 
999 |a 1000003141   |b BOOK   |c Open Shelf   |e Default branch